| 000 | 01043cam a22003493a 4500 | ||
|---|---|---|---|
| 001 | 31037 | ||
| 003 | PGUSA | ||
| 005 | 20140828083654.0 | ||
| 008 | 100121s2010||||xxu|||||s|||||000 1 eng d | ||
| 040 |
_aPGUSA _beng |
||
| 042 | _adc | ||
| 050 | 4 | _aPR | |
| 100 | 1 |
_aOsbourne, Lloyd, _d1868-1947 |
|
| 245 | 1 | 4 |
_aThe Works of Robert Louis Stevenson - Swanston Edition, Vol. 19 _h[electronic resource] / _cLloyd Osbourne |
| 260 |
_bProject Gutenberg, _c2010 |
||
| 505 | 0 | _aThe Ebb-Tide -- Weir of Hermiston. | |
| 506 | _aPublic domain in the USA. | ||
| 516 | _aElectronic text | ||
| 653 | _aAdventure stories | ||
| 653 | _aSchooners -- Fiction | ||
| 653 | _aSea stories | ||
| 653 | _aCountry life -- Fiction | ||
| 653 | _aOceania -- Fiction | ||
| 653 | _aScotland -- Fiction | ||
| 653 | _aYoung men -- Fiction | ||
| 653 | _aDomestic fiction | ||
| 653 | _aJudges -- Fiction | ||
| 653 | _aFathers and sons -- Fiction | ||
| 830 | 0 |
_aProject Gutenberg _v31037 |
|
| 856 | 4 | 0 | _uhttp://www.gutenberg.org/ebooks/31037 |
| 942 | _cEB | ||
| 999 |
_c260292 _d260292 |
||